Русская грамматика в анекдотах (тренажер для начинающих): шутки и анекдоты, диалоги и монологи, задачи и загадки, викторины и вопросы

Xehetasun bibliografikoak
Egile nagusia: Левина Г. М.
Beste egile batzuk: Васильева Т. В.
Gaia:Предлагаемое пособие предназначено для иностранцев, начинающих изучать русский язык (первые 100 часов обучения). Содержит 284 микротекста (анекдоты, шутки, викторины и вопросы, загадки и задачи, диалоги), подобранные в соответствии с грамматическими темами и снабженные ударениями и притекстовым словарем. Расширяет словарный запас, тренирует падежные окончания, выводит речевые навыки на уровень автоматизма.
Hizkuntza:errusiera
Argitaratua: Санкт-Петербург, Златоуст, 2012
Edizioa:8-е изд.
Gaiak:
Formatua: Liburua
KOHA link:https://koha.lib.tpu.ru/cgi-bin/koha/opac-detail.pl?biblionumber=229322

MARC

LEADER 00000nam0a2200000 4500
001 229322
005 20231101230932.0
010 |a 9785865475064 
035 |a (RuTPU)RU\TPU\book\249927 
035 |a RU\TPU\book\87247 
090 |a 229322 
100 |a 20130110d2012 m y0rusy50 ca 
101 0 |a rus 
102 |a RU 
105 |a y j 000zy 
200 1 |a Русская грамматика в анекдотах (тренажер для начинающих)  |e шутки и анекдоты, диалоги и монологи, задачи и загадки, викторины и вопросы  |f Г. М. Левина, Т. В. Васильева 
205 |a 8-е изд. 
210 |a Санкт-Петербург  |c Златоуст  |d 2012 
215 |a 92 с. 
330 |a Предлагаемое пособие предназначено для иностранцев, начинающих изучать русский язык (первые 100 часов обучения). Содержит 284 микротекста (анекдоты, шутки, викторины и вопросы, загадки и задачи, диалоги), подобранные в соответствии с грамматическими темами и снабженные ударениями и притекстовым словарем. Расширяет словарный запас, тренирует падежные окончания, выводит речевые навыки на уровень автоматизма. 
606 1 |a Русский язык  |x Для других народов  |x Учебные руководства и пособия  |2 stltpush  |3 (RuTPU)RU\TPU\subj\26400  |9 50340 
610 1 |a русский язык 
610 1 |a грамматика 
610 1 |a анекдоты 
610 1 |a шутки 
610 1 |a викторины 
610 1 |a загадки 
610 1 |a упражнения 
610 1 |a учебные пособия 
610 1 |a русский для иностранцев 
610 1 |a русский как иностранный 
686 |a Ш141.2-96  |v LBC/SL-A  |2 rubbk 
700 1 |a Левина  |b Г. М. 
701 1 |a Васильева  |b Т. В. 
801 1 |a RU  |b 63413507  |c 20050916  |g PSBO 
801 2 |a RU  |b 63413507  |c 20230207  |g PSBO 
942 |c BK